000 00292nam a22001337a 4500
008 170928b xxu||||| |||| 00| 0 eng d
020 _a9780981470528
041 _aeng
080 _a37
100 _a47
101 _aEDU
245 _aTHE FUTURE OF CHILDREN
_cLANAHAN,S.M
942 _2udc
_cBK
999 _c30432
_d30432